000 00400nam a2200157Ia 4500
999 _c31819
_d31819
003 OSt
005 20250527113558.0
008 250310s9999||||xx |||||||||||||| ||und||
040 _c.
082 _a823.912
_bW838
100 _94038
_aWodehouse, P. G.
245 0 _aThe gold bat and other stories /
_cP. G. Wodehouse
260 _aNew Delhi :
_bRupa & co,
_c2005.
300 _a164 p.
942 _cBK
_2ddc